| 000 | 00889nam a22002295i 4500 | ||
|---|---|---|---|
| 001 | 154492 | ||
| 003 | ES-MaACL | ||
| 005 | 20250902125915.0 | ||
| 008 | 981106q1913 sp 001 0 spa d | ||
| 080 | _a396"17" | ||
| 100 | 1 |
_aGoncourt, Edmond de, _d1822-1896 _9127377 |
|
| 245 | 1 | 3 |
_aLa mujer en el siglo diez y ocho / _cpor E. y J. de Goncourt ; traducción por Luis de Terán. |
| 260 |
_aMadrid : _bLa España Moderna, _c[1913] ( _fImp. de Juan Pueyo) |
||
| 300 |
_a271 p. ; _c23 cm. |
||
| 490 | 1 |
_aBiblioteca de jurisprudencia, filosofía e historia ; _v543 |
|
| 650 | 4 |
_aMujeres- _xSituación social- _yS.XVIII. _9174324 |
|
| 700 | 1 |
_aGoncourt, Jules de, _d1830-1870 _958231 |
|
| 700 | 1 |
_aTerán, Luis de, _d1864-1935 _9109725 |
|
| 830 | 1 | 0 |
_aBiblioteca de jurisprudencia, filosofía e historia _v543 _9180691 |
| 852 | 4 |
_aES-MaACL _jF-14775 _z- Enc. hol. |
|
| 999 |
_c154492 _d154492 |
||